Statystyki dla Kraje, które we Fladze Narodowej mają Gwiazdę (lub więcej)

Kliknij tutaj aby rozwiązać quiz!

Ogólne statystyki

  • Ten quiz został rozwiązany 1 795 razy
    (1 787 od ostatniego zresetowania)
  • Średni wynik to 28 z 70

Statystyki odpowiedzi

Odpowiedź% Poprawnych
Stany Zjednoczone
87%
Chiny
83%
Australia
78%
Nowa Zelandia
74%
Turcja
72%
Wietnam
65%
Brazylia
58%
Maroko
58%
Tunezja
55%
Algieria
53%
Pakistan
53%
Chile
52%
Izrael
52%
Korea Północna
50%
Somalia
50%
Syria
48%
Libia
46%
Turkmenistan
46%
Wenezuela
46%
Kuba
45%
Uzbekistan
45%
Azerbejdżan
44%
Malezja
44%
Senegal
44%
Tadżykistan
43%
Angola
41%
Honduras
41%
Panama
41%
Etiopia
40%
Ghana
40%
Singapur
39%
Liberia
38%
Birma
37%
Kamerun
37%
Jordania
36%
Mikronezja
36%
Mauretania
35%
Nepal
35%
Sudan Południowy
35%
Bośnia i Hercegowina
34%
Dominika
34%
Filipiny
34%
Papua Nowa Gwinea
34%
Demokratyczna Republika Konga
33%
Surinam
33%
Tuvalu
32%
Wyspy Salomona
32%
Gwinea Bissau
31%
Mozambik
31%
Nauru
31%
Togo
31%
Zimbabwe
31%
Dżibuti
30%
Kosowo
30%
Paragwaj
30%
Samoa
29%
Burkina Faso
28%
Gwinea Równikowa
27%
Komory
27%
Portugalia
27%
Burundi
26%
Timor Wschodni
25%
Saint Kitts i Nevis
24%
Republika Środkowoafrykańska
23%
Chorwacja
22%
Grenada
22%
Wyspy Świętego Tomasza i Książęca
22%
Wyspy Zielonego Przylądka
22%
Mołdawia
21%
Słowenia
21%

Rozkład punktacji

Percentyl według liczby udzielonych odpowiedzi

Procent ludzi z każdym wynikiem

Twoja historia wyników

Nie rozwiązałeś tego quizu od ostatniego zresetowania